000 00604cam a2200181 4500
001 4157
005 20181127172735.0
008 120830s2012 ii a 001 0 eng d
010 _a 2012471166
020 _a0198075472 (pbk.)
020 _a9780198075479 (pbk.)
100 1 _aPai, Pradeep Prabhakar.
245 1 0 _aOperations research :
_bprinciples and practice /
_cPradeep Prabhakar Pai.
260 _aNew Delhi :
_bOxford University Press,
_cc2012.
300 _axvi, 827 p. :
_bill. ;
_c24 cm.
504 _aIncludes bibliographical references (p. [822]-823) and index.
650 0 _aOperations research.
999 _c3408
_d3408